00373 2200145 4500245003700000250001000037100001900047700001600066650002100082005001900103260007200122041001400194084001000208336000900218 aItam dan UcYOVITA SISWATIhText acat.1 aYOVITA SISWATI aEVI SHELVIA aCerita Bergambar a20240926105111 aJakatabKementrian Pendidikan, Keudayaan, Rset, dan Teknologic2019 aIndonesia a741.5 atext